[Event "Reunion op 10th"]
[Site "St Denis"]
[Date "2008.10.17"]
[Round "8"]
[White "Ane, Regis"]
[Black "Giroux, Eric"]
[Result "1-0"]
[WhiteElo "1986"]
[BlackElo "1831"]
[PlyCount "65"]
[EventDate "2008.10.11"]
[EventType "swiss"]
[EventRounds "9"]
[EventCountry "RUF"]
[SourceTitle "EXT 2009"]
[Source "ChessBase"]
[SourceDate "2008.11.26"]
[SourceVersion "1"]
[SourceVersionDate "2008.11.26"]
[SourceQuality "1"]

1. e4 e5 2. Nf3 Nc6 3. Bb5 a6 4. Ba4 Nf6 5. 0-0 b5 6. Bb3 Be7 7. d3 d6 8. c3 0-0 9. Nbd2 Re8 10. Re1 Bb7 11. Nf1 Na5 12. Bc2 c5 13. Ng3 Nc6 14. Bb3 Na5 15. Bc2 Bf8 16. a4 Nc6 17. d4 exd4 18. cxd4 Nb4 19. Bb1 Qc7 20. Bf4 Rac8 21. Ra3 c4 22. d5 Qd7 23. a5 Qg4 24. Bd2 Nbxd5 25. exd5 Bxd5 26. Bf5 Bxf3 27. gxf3 Qh4 28. Bxc8 Rxc8 29. Bb4 d5 30. Bxf8 Kxf8 31. Qe2 d4 32. Qe7+ Kg8 33. Qb7 1-0